La protection des sols contre l'érosion dans les tropiques (Record no. 10598)

MARC details
000 -LEADER
fixed length control field 00584 a2200253 4500
035 ## - SYSTEM CONTROL NUMBER
System control number 12325
020 ## - NUMERO INTERNATIONAL NORMALISE DES LIVRES
International Standard Book Number 90-72746-21-X
100 ## - VEDETTE PRINCIPALE - NOM DE PERSONNE
Personal name KUYPERS, Hil
130 ## - VEDETTE PRINCIPALE - TITRE UNIFORME
Language of a work Fr.
260 ## - PUBLICATION, DISTRIBUTION, ETC. (IMPRINT)
Place of publication, distribution, etc Wageningen
260 ## - PUBLICATION, DISTRIBUTION, ETC. (IMPRINT)
Name of publisher, distributor, etc Agromisa
245 ## - TITLE STATEMENT
Title La protection des sols contre l'érosion dans les tropiques
260 ## - PUBLICATION, DISTRIBUTION, ETC. (IMPRINT)
Date of publication, distribution, etc 1997
250 ## - EDITION STATEMENT
Edition statement Ed. réed.
300 ## - PHYSICAL DESCRIPTION
Extent 90 p.
300 ## - PHYSICAL DESCRIPTION
Other physical details ill. ; 21 cm.
440 ## - SERIES STATEMENT/ADDED ENTRY--TITLE
Title (Agrodok)
650 ## - SUBJECT ADDED ENTRY--TOPICAL TERM
Topical term or geographic name as entry element <Sols-Protection-Erosion>
700 ## - ADDED ENTRY--PERSONAL NAME
Personal name MOLLEMA, Anne
700 ## - ADDED ENTRY--PERSONAL NAME
Personal name TOPPER, Egger
Holdings
Withdrawn status Lost status Damaged status Not for loan Location (home branch) Sublocation or collection (holding branch) Date acquired Source of acquisition Koha issues (times borrowed) Koha full call number Piece designation (barcode) Koha date last seen Copy number Koha item type
        Bibliothèque Ecole Polytechnique d'Abomey-Calavi Bibliothèque Ecole Polytechnique d'Abomey-Calavi 27/02/2009 e   631.45/K97p 20922EPAC 27/02/2009 1 Livre


© 2008, Bibliothèques de l'Université d'Abomey-Calavi

04 BP 789 Cotonou, Tél. : +229 21 36 01 01, Fax : +229 21 35 06 32

Courriel : bu@bu.uac.bj